The myth of Ham in nineteenth-century American Christianity: race, heathens, and the people of God
| Autor principal: | |
|---|---|
| Tipo de documento: | Print Libro |
| Lenguaje: | Inglés |
| Servicio de pedido Subito: | Pedir ahora. |
| Verificar disponibilidad: | HBZ Gateway |
| WorldCat: | WorldCat |
| Interlibrary Loan: | Interlibrary Loan for the Fachinformationsdienste (Specialized Information Services in Germany) |
| Publicado: |
New York, NY [u.a.]
Palgrave Macmillan
2004
|
| En: | Año: 2004 |
| Críticas: | Review: The Myth of Ham in Nineteenth-Century American Christianity: Race, Heathens, and the People of God, by Sylvester A. Johnson (2009) (Annus, Irén E.)
|
| Edición: | 1. ed. |
| Colección / Revista: | Black religion, womanist thought, social justice
|
| (Cadenas de) Palabra clave estándar: | B
Ham, Personaje bíblico
/ USA
/ Black theology
/ Historia 1800-1900
|
| Otras palabras clave: | B
Ham, (Biblical figure)
B United States Church history 19th century B African Americans Religión |
| Acceso en línea: |
Contributor biographical information Cover (Publisher) Publisher description |
MARC
| LEADER | 00000cam a2200000 c 4500 | ||
|---|---|---|---|
| 001 | 386015732 | ||
| 003 | DE-627 | ||
| 005 | 20251223203407.0 | ||
| 007 | tu | ||
| 008 | 040428s2004 xxu||||| 00| ||eng c | ||
| 020 | |a 9781403965622 |9 978-1-4039-6562-2 | ||
| 020 | |a 1403965625 |9 1-4039-6562-5 | ||
| 024 | 3 | |a 9781403965622 | |
| 035 | |a (DE-627)386015732 | ||
| 035 | |a (DE-576)311251188 | ||
| 035 | |a (DE-599)GBV386015732 | ||
| 035 | |a (OCoLC)699268952 | ||
| 035 | |a (OCoLC)699268952 | ||
| 035 | |a (AT-OBV)AC05222876 | ||
| 040 | |a DE-627 |b ger |c DE-627 |e rakwb | ||
| 041 | |a eng | ||
| 044 | |c XD-US |c XA-GB | ||
| 050 | 0 | |a BS580.H27 | |
| 082 | 0 | |a 277.308108996073 | |
| 084 | |a 7,26 |2 ssgn | ||
| 084 | |a 1 |2 ssgn | ||
| 084 | |a 15.87 |2 bkl | ||
| 100 | 1 | |0 (DE-588)103001275X |0 (DE-627)734602103 |0 (DE-576)189306068 |4 aut |a Johnson, Sylvester A. |d 1972- | |
| 109 | |a Johnson, Sylvester A. 1972- |a Johnson, Sylvester 1972- |a Johnson, S. A. 1972- | ||
| 245 | 1 | 4 | |a The myth of Ham in nineteenth-century American Christianity |b race, heathens, and the people of God |c Sylvester A. Johnson |
| 250 | |a 1. ed. | ||
| 264 | 1 | |a New York, NY [u.a.] |b Palgrave Macmillan |c 2004 | |
| 300 | |a XV, 187 S. |c 22 cm | ||
| 336 | |a Text |b txt |2 rdacontent | ||
| 337 | |a ohne Hilfsmittel zu benutzen |b n |2 rdamedia | ||
| 338 | |a Band |b nc |2 rdacarrier | ||
| 490 | 0 | |a Black religion, womanist thought, social justice | |
| 500 | |a Includes bibliographical references (p. [165]-184) and index | ||
| 583 | 1 | |a Archivierung prüfen |c 20200919 |f DE-640 |z 1 |2 pdager | |
| 583 | 1 | |a Archivierung/Langzeitarchivierung gewährleistet |f SSG |x XA-DE-BW |2 pdager |5 DE-21 | |
| 583 | 1 | |a Archivierung prüfen |c 20240324 |f DE-4165 |z 1 |2 pdager | |
| 600 | 1 | 0 | |a Ham, (Biblical figure) |
| 650 | 0 | |a African Americans |x Religion | |
| 651 | 0 | |a United States |x Church history |x 19th century | |
| 689 | 0 | 0 | |d p |0 (DE-588)120339994 |0 (DE-627)69658283X |0 (DE-576)213171201 |2 gnd |a Ham |c Biblische Person |
| 689 | 0 | 1 | |d g |0 (DE-588)4078704-7 |0 (DE-627)106076612 |0 (DE-576)209209682 |2 gnd |a USA |
| 689 | 0 | 2 | |d s |0 (DE-588)4053779-1 |0 (DE-627)106165496 |0 (DE-576)20910564X |2 gnd |a Schwarze Theologie |
| 689 | 0 | 3 | |q z |2 gnd |a Geschichte 1800-1900 |
| 689 | 0 | |5 (DE-627) | |
| 787 | 0 | 8 | |i Rezensiert in |a Annus, Irén E. |t Review: The Myth of Ham in Nineteenth-Century American Christianity: Race, Heathens, and the People of God, by Sylvester A. Johnson |d 2009 |w (DE-627)1816078980 |
| 856 | 4 | 2 | |u https://swbplus.bsz-bw.de/bsz311251188cov.jpg |m B:DE-576 |m X:springer |q application/pdf |v 20180810000000 |x Verlag |3 Cover |7 1 |
| 856 | 4 | 2 | |u http://www.loc.gov/catdir/enhancements/fy0617/2004040096-d.html |x Verlag |y Publisher description |7 1 |
| 856 | 4 | 2 | |u http://www.loc.gov/catdir/enhancements/fy0617/2004040096-b.html |x Verlag |y Contributor biographical information |7 1 |
| 935 | |a mteo | ||
| 935 | |i Blocktest | ||
| 936 | b | k | |a 15.87 |j USA |x Geschichte |0 (DE-627)181569760 |
| 951 | |a BO | ||
| ELC | |b 1 | ||
| ITA | |a 1 |t 1 | ||
| LOK | |0 000 xxxxxcx a22 zn 4500 | ||
| LOK | |0 001 3244639976 | ||
| LOK | |0 003 DE-627 | ||
| LOK | |0 004 386015732 | ||
| LOK | |0 005 20100126101842 | ||
| LOK | |0 008 090929||||||||||||||||ger||||||| | ||
| LOK | |0 040 |a DE-21 |c DE-627 |d DE-21 | ||
| LOK | |0 852 |a DE-21 | ||
| LOK | |0 852 1 |c 50 A 540 |9 00 | ||
| LOK | |0 935 |a theo | ||
| LOK | |0 936ln |a t4.12 | ||
| LOK | |0 936ln |a t4.13 | ||
| LOK | |0 938 |a 1001 |f 2 | ||
| LOK | |0 939 |a 29-09-09 |b l01 | ||
| ORI | |a SA-MARC-ixtheoa001.raw | ||
| REF | |a Theologiegeschichte | ||
| STA | 0 | 0 | |a Black theology,Afro-Americans,USA,USA,Middle West,USA,USA,USA,USA,USA,America,Confederate States of America,Midwest |
| STB | 0 | 0 | |a Théologie noire |
| STC | 0 | 0 | |a Black theology,Teología afro,Teología afro |
| STD | 0 | 0 | |a Teologia nera |
| STE | 0 | 0 | |a 黑色神学 |
| STF | 0 | 0 | |a 黑色神學 |
| STG | 0 | 0 | |a Black theology,Teologia afro,Teologia afro |
| STH | 0 | 0 | |a Чёрное богословие |
| STI | 0 | 0 | |a Μαύρη θεολογία |
| SYG | 0 | 0 | |a Cham,Biblische Person , United States,United States of America,Vereinigte Staaten,Vereinigte Staaten von Amerika , United States of America,Vereinigte Staaten von Amerika,Amerika <USA>,United States of America,Vereinigte Staaten von Amerika,Amerika <USA>,USA,USA,Nord,Nördliche Vereinigte Staaten,Nordwestamerika,USA,Nordwest,Pazifischer Nordwesten,Mittlerer Westen,USA,Middle West,Mittelwesten,Midwest,USA,Nordost,Nordöstliche Vereinigte Staaten,USA,Südost,Südöstliche Vereinigte Staaten,USA,Ost,Östliche Vereinigte Staaten,Südwestliche USA,USA,Südweststaaten,Südwestliche Vereinigte Staaten,USA,Südwest,USA,West,Westliche Vereinigte Staaten,Nordamerikanische Südstaaten,Konföderierte Staaten von Amerika,Confederate States of America,Südliche Vereinigte Staaten,Südatlantische Staaten,Südöstliche Staaten,United States of America,Vereinigte Staaten von Amerika,Nordamerika,Amerika,United States,United States of America,Etats Unis,Etats-Unis,Vereinigte Staaten,Estados Unidos de America,EEUU,Vereinigte Staaten von Nordamerika,Soedinennye Štaty Ameriki,SŠA,Stany Zjednoczone Ameryki Północnej,Hēnōmenai Politeiai tēs Boreiu Amerikēs,Hēnōmenes Politeies tēs Amerikēs,HēPA,Ēnōmenes Politeies tēs Amerikēs,ĒPA,Meiguo,Etats-Unis d'Amérique,US , Black Theology |
| TIM | |a 100018000101_100019001231 |b Geschichte 1800-1900 | ||